| 000 | 00961nam a2200289 a 4500 | ||
|---|---|---|---|
| 001 | 000015526 | ||
| 003 | DO-SdBNP | ||
| 005 | 20251008144452.0 | ||
| 008 | 100212s20uu dr ac 000 1 spa d | ||
| 040 |
_aDO-SdBNP _bspa _cBNPHU _erda |
||
| 041 | _aspa | ||
| 049 | _aBNPD | ||
| 082 | 4 |
_a782.42 _bM385h _22 |
|
| 245 | 0 | 0 |
_aHimnos a la patria y a la escuela / _cCompilador Elso Martínez. |
| 264 | 1 |
_a[Santo Domingo] : _b[s.n.], _c[20--?]. |
|
| 300 |
_a31 páginas : _bilustraciones ; retratos. |
||
| 336 |
_atexto _btxt _2rdacontent |
||
| 337 |
_asin mediación _bn _2rdamedia |
||
| 338 |
_avolumen _bnc _0rdacarrier |
||
| 500 | _aIncluye datos biográficos del compilador | ||
| 650 | 4 |
_aCancioneros _zRepública Dominicana _935058 |
|
| 650 | 4 |
_aHimnos patrióticos dominicanos _92512 |
|
| 650 | 4 |
_aCanciones escolares dominicanas _935059 |
|
| 700 | 1 |
_aMartínez, Elso _ecompilador. _935060 |
|
| 910 | _aValidado. Control de calidad/MAA | ||
| 942 |
_2ddc _cLBS1 |
||
| 999 |
_c15082 _d15082 |
||